| 000 | 00331nam a22001337a 4500 | ||
|---|---|---|---|
| 020 | _a0395244307 | ||
| 082 | _a310DAM | ||
| 100 | _aDaniel,Wayne W | ||
| 245 | _aIntroductory statistics with applications | ||
| 260 |
_aBoston _bHoughton mifflin _c1977 |
||
| 300 |
_axii,475p. _bill.; 23cm |
||
| 500 | _aIncluding Index | ||
| 942 | _cBK | ||
| 999 |
_c14106 _d14106 |
||